000 00581nam a2200181Ia 4500
005 20250508151923.0
008 008 250505s9999 xx 000 0 eng d
037 _aTextual
040 _aFEDL
_beng
_cFEDL
041 _aeng
_2eng
084 _a379.11, INT
_qFEDL
245 0 _aFinancing of education
245 0 _c18th International Conference on Public Education. Geneva 1955
260 _aParis, France
_bUnited Nations Educational, Scientific and Cultural Organization
_c1955
300 _a284p.
942 _cTEXL
_h379.11, INT
999 _c1332971
_d1332971